| 000 | 00963cam a2200241 4500 | ||
|---|---|---|---|
| 001 | WS118250 | ||
| 008 | 020530n 000 0 eng u | ||
| 035 | _a(Sirsi) u118250 | ||
| 110 |
_aUniversity of Wales, Swansea _94253 |
||
| 245 | _aBusiness Information Gateway for Wales | ||
| 520 | _aWeb site which describes itself as 'the place to start if you are looking for business information in Wales'. Includes links to business directories, news, phone books and company information. Also has pages on economics, environment, farming, finance, law, marketing and how to start a business. | ||
| 650 | _aWALES | ||
| 650 | _aBUSINESS ADVICE | ||
| 650 | _aECONOMICS | ||
| 650 |
_aEnvironment _96238 |
||
| 650 | _aFARMING | ||
| 650 | _aBUSINESS START-UPS | ||
| 650 | _aFINANCE | ||
| 650 | _aMARKETING | ||
| 690 | _aMANAGEMENT-BUSINESS MANAGEMENT | ||
| 856 | 4 | 0 |
_uhttps://www.bigwales.com _zView the website free of charge at www.bigwales.com... |
| 942 | _n0 | ||
| 999 |
_c120054 _d120054 |
||